[Event "Gibraltar Amateurs op-A"]
[Site "Caleta"]
[Date "2020.01.24"]
[Round "5"]
[White "Dragic, Dragan"]
[Black "Ashwani, Kumar Grover"]
[Result "0-1"]
[WhiteElo "1781"]
[BlackElo "1731"]
[PlyCount "152"]
[EventDate "2020.01.20"]
[EventType "swiss"]
[EventRounds "5"]
[EventCountry "GGB"]
[SourceTitle "CBM 194 Extra"]
[Source "ChessBase"]
[SourceDate "2020.03.31"]
[SourceVersion "1"]
[SourceVersionDate "2020.03.31"]
[SourceQuality "1"]

1. d4 d5 2. c4 e6 3. Nc3 c6 4. Nf3 dxc4 5. e3 b5 6. Ne5 Nf6 7. a4 Bb4 8. Qf3 Qd5 9. Be2 Qxf3 10. Bxf3 Nd5 11. Bd2 f6 12. Bxd5 exd5 13. Nf3 a6 14. 0-0 Bxc3 15. Bxc3 Kf7 16. Nd2 Re8 17. Rfc1 Nd7 18. axb5 cxb5 19. Ba5 Nb8 20. Nb1 Nc6 21. b4 Re6 22. Nc3 Bb7 23. Rcb1 Rc8 24. h4 h5 25. Kf1 Ne7 26. Ne2 Nf5 27. Nf4 Re4 28. g3 g6 29. Bb6 Ng7 30. Ra3 Rce8 31. Re1 R4e7 32. Bc5 Rd7 33. f3 Ne6 34. Ne2 g5 35. Kf2 Rdd8 36. hxg5 Nxg5 37. Nf4 Rh8 38. Rh1 Ne6 39. Nxh5 Ng7 40. g4 Rh7 41. Ng3 Rxh1 42. Nxh1 Rh8 43. Kg2 Bc8 44. Ng3 Kg6 45. Ne2 Ne6 46. Bd6 Rd8 47. Bg3 f5 48. gxf5+ Kxf5 49. Be5 Rg8+ 50. Ng3+ Kg6 51. Ra1 Ng7 52. e4 dxe4 53. Nxe4 Nf5 54. Kf2 Rd8 55. Rg1+ Kf7 56. Ng5+ Ke7 57. Rh1 Kd7 58. d5 Re8 59. f4 Bb7 60. Rd1 Nd6 61. Ne6 Ne4+ 62. Kf3 Nd6 63. Nc5+ Ke7 64. Bxd6+ Kxd6 65. Nxb7+ Kc7 66. Nc5 a5 67. d6+ Kc6 68. d7 Rd8 69. f5 axb4 70. Ne6 Rxd7 71. Rxd7 Kxd7 72. Ke4 c3 73. Kd4 Ke7 74. Ke5 c2 75. f6+ Ke8 76. Ng5 c1Q 0-1

[Event "Gibraltar Amateur op-B"]
[Site "Caleta"]
[Date "2018.01.29"]
[Round "3"]
[White "James, Kevin"]
[Black "Ashwani, Kumar Grover"]
[Result "1-0"]
[WhiteElo "1851"]
[BlackElo "1752"]
[PlyCount "69"]
[EventDate "2018.01.27"]
[EventType "swiss"]
[EventRounds "5"]
[EventCountry "GGB"]
[SourceTitle "EXT 2019"]
[Source "ChessBase"]
[SourceDate "2018.10.10"]
[SourceVersion "1"]
[SourceVersionDate "2018.10.10"]
[SourceQuality "1"]

1. d4 d5 2. c4 e6 3. Nc3 c6 4. cxd5 cxd5 5. Bf4 Nc6 6. e3 a6 7. Nf3 Nf6 8. Rc1 Be7 9. Bd3 0-0 10. 0-0 Bd7 11. a3 b5 12. b4 Na7 13. Ne5 Be8 14. e4 Nc8 15. exd5 Nxd5 16. Nxd5 Qxd5 17. Re1 f5 18. Be2 Qd8 19. Bf3 Ra7 20. Nc6 Bxc6 21. Rxc6 Rd7 22. Qb3 a5 23. Qxe6+ Kh8 24. bxa5 Rxd4 25. Be5 Rc4 26. Bc7 Qd2 27. Rd1 Qc2 28. Rxc4 bxc4 29. a6 Bxa3 30. Be5 Bc5 31. Bxg7+ Kxg7 32. Qe5+ Rf6 33. Qxc5 Nb6 34. Qc7+ Kh6 35. h4 1-0

[Event "Gibraltar Amateur op-A"]
[Site "Caleta"]
[Date "2018.01.25"]
[Round "4"]
[White "Ashwani, Kumar Grover"]
[Black "Galvan Cipriani, Viviana"]
[Result "1-0"]
[WhiteElo "1752"]
[BlackElo "1826"]
[PlyCount "91"]
[EventDate "2018.01.22"]
[EventType "swiss"]
[EventRounds "5"]
[EventCountry "GGB"]
[SourceTitle "EXT 2019"]
[Source "ChessBase"]
[SourceDate "2018.10.10"]
[SourceVersion "1"]
[SourceVersionDate "2018.10.10"]
[SourceQuality "1"]

1. e4 c5 2. Nc3 Nc6 3. Nge2 e5 4. g3 g6 5. Bg2 Bg7 6. d3 Nge7 7. Be3 Nd4 8. Nd5 Nxd5 9. exd5 d6 10. c3 Nxe2 11. Qxe2 0-0 12. 0-0-0 b5 13. h4 h6 14. h5 g5 15. f4 exf4 16. gxf4 g4 17. f5 Bxf5 18. Qd2 Kh7 19. Be4 Bxe4 20. dxe4 f5 21. exf5 Rxf5 22. Qd3 Qd7 23. Rhg1 c4 24. Qc2 Kh8 25. Rxg4 Rxd5 26. Rdg1 Rf8 27. Qg6 Rdf5 28. Qxg7+ Qxg7 29. Rxg7 Rf1+ 30. Kd2 Rxg1 31. Rxg1 Kh7 32. Bd4 Rf7 33. Rg6 d5 34. Ke3 a5 35. Be5 b4 36. Kd4 Rd7 37. Kc5 Rb7 38. Kxd5 bxc3 39. bxc3 a4 40. Kxc4 a3 41. Rg7+ Rxg7 42. Bxg7 Kxg7 43. Kd5 Kf6 44. c4 Ke7 45. Kc6 Kd8 46. Kb7 1-0

[Event "Gibraltar Amateur op-A"]
[Site "Caleta"]
[Date "2018.01.24"]
[Round "3"]
[White "Gonzalez Pabollet, Jesus Maria"]
[Black "Ashwani, Kumar Grover"]
[Result "0-1"]
[WhiteElo "1852"]
[BlackElo "1752"]
[PlyCount "76"]
[EventDate "2018.01.22"]
[EventType "swiss"]
[EventRounds "5"]
[EventCountry "GGB"]
[SourceTitle "EXT 2019"]
[Source "ChessBase"]
[SourceDate "2018.10.10"]
[SourceVersion "1"]
[SourceVersionDate "2018.10.10"]
[SourceQuality "1"]

1. e4 d5 2. exd5 Nf6 3. d4 Nxd5 4. c4 Nb6 5. Nc3 g6 6. Be3 Bg7 7. Nf3 0-0 8. Be2 Nc6 9. Rc1 e5 10. d5 Ne7 11. 0-0 f5 12. b4 e4 13. Ng5 h6 14. Ne6 Bxe6 15. dxe6 Qe8 16. Qb3 c6 17. Rfd1 Rf6 18. Rd6 Nec8 19. c5 Nxd6 20. cxd6 Kh7 21. Bxb6 axb6 22. Bc4 b5 23. d7 Qe7 24. Nxb5 cxb5 25. Bd5 Rd8 26. Rc8 b6 27. Rc6 Rb8 28. a3 Rff8 29. Qe3 Bb2 30. Rc2 Bf6 31. Rc6 Bg5 32. Qe2 Qf6 33. g3 Qa1+ 34. Kg2 Qxa3 35. Qxb5 Be7 36. Rxb6 Rxb6 37. Qxb6 Qf3+ 38. Kh3 g5 0-1

[Event "Gibraltar Amateur op-A"]
[Site "Caleta"]
[Date "2018.01.23"]
[Round "2"]
[White "Ashwani, Kumar Grover"]
[Black "Marcos Herrero, Francisco"]
[Result "1-0"]
[WhiteElo "1752"]
[BlackElo "1876"]
[PlyCount "69"]
[EventDate "2018.01.22"]
[EventType "swiss"]
[EventRounds "5"]
[EventCountry "GGB"]
[SourceTitle "EXT 2019"]
[Source "ChessBase"]
[SourceDate "2018.10.10"]
[SourceVersion "1"]
[SourceVersionDate "2018.10.10"]
[SourceQuality "1"]

1. e4 c5 2. Nf3 Nc6 3. d4 cxd4 4. Nxd4 g6 5. Nc3 Bg7 6. Be3 Nf6 7. Nb3 0-0 8. f3 d6 9. Qd2 a5 10. a4 Be6 11. 0-0-0 Bxb3 12. cxb3 Nb4 13. g4 Rc8 14. Kb1 Qc7 15. h4 h5 16. gxh5 Nxh5 17. Bc4 Rfd8 18. Rhg1 e6 19. Bg5 Rd7 20. f4 d5 21. f5 dxc4 22. Qxd7 exf5 23. exf5 Kh7 24. fxg6+ fxg6 25. Qxc7 Rxc7 26. Bd8 Rc5 27. Ne4 Rf5 28. Ng5+ Kh6 29. Rgf1 Nf4 30. Rd7 Nc6 31. Bc7 Ng2 32. Rxf5 gxf5 33. Nf3 cxb3 34. Rd2 Ne3 35. Bf4+ 1-0